000 00645nam a2200229Ia 4500
999 _c35533
_d35533
001 1394
003 GE_BSU
005 20250624153116.0
008 181216s2004||||enk|||||||||||||| ||eng||
020 _a1578083516x
040 _cGE_BSU
041 _aeng
080 _a582 S-62
100 _aSingh, Gurcharan.
_915820
245 _aPlant Systematics An integrated Approach /
_cGurcharan Singh.
264 _cLondon:
_a Science Publishers,U.S.
_b2004.
300 _a561 p.
653 _aPlant Systematics.
653 _aმცენარეთა სისტემატიკა
653 _aბიოლოგია
942 _cBK
_2udc